| 000 | 00329nam a22001337a 4500 | ||
|---|---|---|---|
| 020 | _a9788183211376 | ||
| 082 |
_a551.49 _bJAT/GR |
||
| 100 | _aJat, M.L | ||
| 245 | _aGround water hydrology: Theory and practice | ||
| 260 |
_aUdaipur _bAgrotech Publishing Academy _c2009 |
||
| 300 | _a852 p | ||
| 700 | _aBhakar, S.R | ||
| 942 | _cBK | ||
| 999 |
_c13793 _d13793 |
||